Raions of Ukraine on a Map - Statistics

General Stats
  • This quiz has been taken 2,062 times
  • The average score is 45 of 138
Answers on the Map
Answers color-coded by a green-red scale on the quiz's map according to % correct below.
 
Answer Stats
Oblast Raion % Correct
Kyiv Kyiv
95%
Odessa Oblast Odessa Raion
89%
Lviv Oblast Lviv Raion
88%
Donetsk Oblast Donetsk Raion
87%
Kharkiv Oblast Kharkiv Raion
83%
Sevastopol Sevastopol
83%
Luhansk Oblast Luhansk Raion
82%
Donetsk Oblast Mariupol Raion
77%
Dnipropetrovsk Oblast Dnipro Raion
76%
Kherson Oblast Kherson Raion
74%
Zaporizhzhia Oblast Zaporizhzhia Raion
72%
Mykolaiv Oblast Mykolaiv Raion
65%
Sumy Oblast Sumy Raion
65%
Chernihiv Oblast Chernihiv Raion
64%
Autonomous Republic of Crimea Simferopol Raion
63%
Poltava Oblast Poltava Raion
61%
Ivano-Frankivsk Oblast Ivano-Frankivsk Raion
60%
Autonomous Republic of Crimea Kerch Raion
59%
Rivne Oblast Rivne Raion
56%
Autonomous Republic of Crimea Yalta Raion
56%
Zhytomyr Oblast Zhytomyr Raion
56%
Zaporizhzhia Oblast Melitopol Raion
55%
Vinnytsia Oblast Vinnytsia Raion
55%
Cherkasy Oblast Cherkasy Raion
54%
Ternopil Oblast Ternopil Raion
54%
Zakarpattia Oblast Uzhhorod Raion
53%
Chernivtsi Oblast Chernivtsi Raion
51%
Dnipropetrovsk Oblast Kryvyi Rih Raion
51%
Volyn Oblast Lutsk Raion
50%
Khmelnytskyi Oblast Khmelnytskyi Raion
49%
Zaporizhzhia Oblast Berdyansk Raion
47%
Luhansk Oblast Sievierodonetsk Raion
47%
Kyiv Oblast Bucha Raion
46%
Donetsk Oblast Kramatorsk Raion
46%
Odessa Oblast Izmail Raion
45%
Donetsk Oblast Bakhmut Raion
43%
Kyiv Oblast Bila Tserkva Raion
42%
Poltava Oblast Kremenchuk Raion
40%
Kirovohrad Oblast Kropyvnytskyi Raion
38%
Dnipropetrovsk Oblast Nikopol Raion
38%
Donetsk Oblast Horlivka Raion
37%
Kyiv Oblast Brovary Raion
36%
Cherkasy Oblast Uman Raion
36%
Volyn Oblast Kovel Raion
35%
Zakarpattia Oblast Mukachevo Raion
35%
Autonomous Republic of Crimea Feodosia Raion
34%
Kharkiv Oblast Izium Raion
34%
Sumy Oblast Konotop Raion
33%
Dnipropetrovsk Oblast Pavlohrad Raion
33%
Kharkiv Oblast Kupiansk Raion
32%
Kyiv Oblast Boryspil Raion
31%
Kherson Oblast Kakhovka Raion
31%
Donetsk Oblast Pokrovsk Raion
31%
Autonomous Republic of Crimea Yevpatoria Raion
31%
Odessa Oblast Bilhorod-Dnistrovskyi Raion
30%
Khmelnytskyi Oblast Kamianets-Podilskyi Raion
29%
Zhytomyr Oblast Korosten Raion
29%
Luhansk Oblast Alchevsk Raion
28%
Kherson Oblast Henichesk Raion
28%
Dnipropetrovsk Oblast Kamianske Raion
28%
Sumy Oblast Shostka Raion
28%
Chernihiv Oblast Nizhyn Raion
27%
Lviv Oblast Stryi Raion
27%
Zhytomyr Oblast Berdychiv Raion
26%
Volyn Oblast Volodymyr-Volynskyi Raion
26%
Autonomous Republic of Crimea Dzhankoi Raion
25%
Kirovohrad Oblast Oleksandriia Raion
25%
Mykolaiv Oblast Pervomaisk Raion
25%
Kherson Oblast Skadovsk Raion
25%
Luhansk Oblast Starobilsk Raion
25%
Donetsk Oblast Volnovakha Raion
25%
Lviv Oblast Chervonohrad Raion
24%
Zakarpattia Oblast Khust Raion
24%
Odessa Oblast Podilsk Raion
24%
Luhansk Oblast Svatove Raion
24%
Lviv Oblast Drohobych Raion
23%
Rivne Oblast Dubno Raion
23%
Kyiv Oblast Fastiv Raion
23%
Ivano-Frankivsk Oblast Kalush Raion
23%
Ivano-Frankivsk Oblast Kolomyia Raion
23%
Poltava Oblast Myrhorod Raion
23%
Autonomous Republic of Crimea Bakhchysarai Raion
22%
Kharkiv Oblast Chuhuiv Raion
22%
Kharkiv Oblast Lozova Raion
22%
Poltava Oblast Lubny Raion
22%
Zhytomyr Oblast Novohrad-Volynskyi Raion
22%
Dnipropetrovsk Oblast Novomoskovsk Raion
22%
Sumy Oblast Okhtyrka Raion
22%
Rivne Oblast Sarny Raion
22%
Mykolaiv Oblast Voznesensk Raion
22%
Kyiv Oblast Vyshhorod Raion
22%
Zakarpattia Oblast Berehove Raion
21%
Zaporizhzhia Oblast Polohy Raion
21%
Chernihiv Oblast Pryluky Raion
21%
Chernihiv Oblast Novhorod-Siverskyi Raion
20%
Odessa Oblast Bolhrad Raion
19%
Volyn Oblast Kamin-Kashyrskyi Raion
19%
Vinnytsia Oblast Mohyliv-Podilskyi Raion
19%
Zakarpattia Oblast Rakhiv Raion
19%
Sumy Oblast Romny Raion
19%
Lviv Oblast Sambir Raion
19%
Kherson Oblast Beryslav Raion
18%
Kyiv Oblast Obukhiv Raion
18%
Khmelnytskyi Oblast Shepetivka Raion
18%
Rivne Oblast Varash Raion
18%
Zaporizhzhia Oblast Vasylivka Raion
18%
Kharkiv Oblast Krasnohrad Raion
17%
Autonomous Republic of Crimea Perekop Raion
17%
Mykolaiv Oblast Bashtanka Raion
16%
Ternopil Oblast Chortkiv Raion
15%
Luhansk Oblast Dovzhansk Raion
15%
Vinnytsia Oblast Haisyn Raion
15%
Ternopil Oblast Kremenets Raion
15%
Luhansk Oblast Rovenky Raion
15%
Lviv Oblast Yavoriv Raion
15%
Lviv Oblast Zolochiv Raion
15%
Cherkasy Oblast Zolotonosha Raion
15%
Luhansk Oblast Shchastia Raion
14%
Vinnytsia Oblast Zhmerynka Raion
14%
Kharkiv Oblast Bohodukhiv Raion
13%
Donetsk Oblast Kalmiuske Raion
13%
Dnipropetrovsk Oblast Synelnykove Raion
13%
Ivano-Frankivsk Oblast Verkhovyna Raion
13%
Chernivtsi Oblast Dnistrovskyi Raion
12%
Ivano-Frankivsk Oblast Nadvirna Raion
12%
Kirovohrad Oblast Novoukrainka Raion
12%
Odessa Oblast Rozdilna Raion
12%
Zakarpattia Oblast Tiachiv Raion
12%
Autonomous Republic of Crimea Bilohirsk Raion
11%
Ivano-Frankivsk Oblast Kosiv Raion
11%
Autonomous Republic of Crimea Qurman Raion
11%
Odessa Oblast Berezivka Raion
10%
Vinnytsia Oblast Khmilnyk Raion
10%
Chernihiv Oblast Koriukivka Raion
10%
Vinnytsia Oblast Tulchyn Raion
10%
Chernivtsi Oblast Vyzhnytsia Raion
9%
Cherkasy Oblast Zvenyhorodka Raion
9%
Kirovohrad Oblast Holovanivsk Raion
8%
No matching quizzes found
Score Distribution
Percent of People with Each Score
Percentile by Number Answered
Your Score History
You have not taken this quiz